Statistiken für Alle Formel 1 (F1) Polepositions 2022

Klicken Sie hier um das Quiz zu spielen!

Allgemein

  • Dieses Quiz wurde 809 mal gespielt
    (763 seit der letzten Aktualisierung)
  • Das Durchschnittsergebnis liegt bei 21 aus 22

Antwortstatistiken

RennenPolesitter (Fahrer)% Korrekt
Abu DhabiMax Verstappen
100%
ÖsterreichMax Verstappen
100%
MexikoMax Verstappen
100%
Emilia-RomagnaMax Verstappen
100%
JapanMax Verstappen
100%
NiederlandeMax Verstappen
100%
KanadaMax Verstappen
100%
SingapurCharles Leclerc
98%
ItalienCharles Leclerc
98%
BahrainCharles Leclerc
98%
AserbaidschanCharles Leclerc
98%
MonacoCharles Leclerc
98%
SpanienCharles Leclerc
98%
MiamiCharles Leclerc
98%
AustralienCharles Leclerc
98%
FrankreichCharles Leclerc
98%
Saudi-ArabienSergio Pérez
97%
GroßbritanienCarlos Sainz jr.
95%
BelgienCarlos Sainz jr.
95%
USACarlos Sainz jr.
95%
UngarnGeorge Russell
84%
São PauloKevin Magnussen
75%

Verteilung der Resultate

Perzentil nach korrekt beantworteten Fragen

Anzahl Personen mit jedem Resultat

Ihre Resultats-Entwicklung

Sie haben dieses Quiz seit der letzten Aktualisierung nicht gespielt